00927nam a2200253 ia450000500170000000800410001702000370005804000250009508200150012010000560013524500940019126400560028530000460034133600210038733700250040833800230043349000230045660000560047965000200053565000320055570000280058770000360061583000220065120200609115409.0200609s2012 -uka j | 001 1 eng d a9781409312222cRM21.95qhardback aPPAKbengcPPAKerda04a823.922231 aBarrie, J. M. (James Matthew), d1860-1937eauthor.10aPeter Pan /cby Sir J.M. Barrie ; Retold by Joan Collins ; Illustrated by Annie Wilkinson 1aLondon, United Kingdom :bLadybird Books, c[2012?] a71 pages :bcolour illustrations ;c21 cm 2rdacontentatext 2rdamediaaunmediated 2rdacarrieravolume1 aLADYBIRD CLASSICS 00aPeter Pan (Fictitious character) vJuvenile fiction10aEnglish fiction20aChildren's stories, English1 aCollins, Joan,eauthor.1 aWilkinson, Annie,eillustrator. 0aLadybird classics